The internal constitution of the stars. (Record no. 7860)
[ view plain ]
| 000 -LEADER | |
|---|---|
| fixed length control field | 00546nam a22001937a 4500 |
| 003 - CONTROL NUMBER IDENTIFIER | |
| control field | OSt |
| 005 - DATE AND TIME OF LATEST TRANSACTION | |
| control field | 20220330111555.0 |
| 008 - FIXED-LENGTH DATA ELEMENTS--GENERAL INFORMATION | |
| fixed length control field | 220330b ||||| |||| 00| 0 eng d |
| 020 ## - INTERNATIONAL STANDARD BOOK NUMBER | |
| International Standard Book Number | 0521337089 |
| 040 ## - CATALOGING SOURCE | |
| Transcribing agency | ddc |
| 082 ## - DEWEY DECIMAL CLASSIFICATION NUMBER | |
| Classification number | 523.86 EDD 1988 |
| 100 ## - MAIN ENTRY--PERSONAL NAME | |
| Personal name | Arthur S. Eddington |
| 9 (RLIN) | 15981 |
| 245 ## - TITLE STATEMENT | |
| Title | The internal constitution of the stars. |
| 260 ## - PUBLICATION, DISTRIBUTION, ETC. (IMPRINT) | |
| Place of publication, distribution, etc. | New York: |
| Name of publisher, distributor, etc. | Cambridge University Press ; |
| Date of publication, distribution, etc. | 1988 |
| 300 ## - PHYSICAL DESCRIPTION | |
| Extent | xiv, 407 p. : |
| Other physical details | ill. ; |
| Dimensions | 23 cm |
| 504 ## - BIBLIOGRAPHY, ETC. NOTE | |
| Bibliography, etc | Includes index. |
| 650 ## - SUBJECT ADDED ENTRY--TOPICAL TERM | |
| Topical term or geographic name as entry element | Stars -- Constitution |
| 9 (RLIN) | 15982 |
| 942 ## - ADDED ENTRY ELEMENTS (KOHA) | |
| Source of classification or shelving scheme | Dewey Decimal Classification |
| Koha item type | Open Shelf |
| Withdrawn status | Lost status | Source of classification or shelving scheme | Damaged status | Not for loan | Home library | Current library | Date acquired | Source of acquisition | Inventory number | Total Checkouts | Full call number | Barcode | Date last seen | Price effective from | Koha item type |
|---|---|---|---|---|---|---|---|---|---|---|---|---|---|---|---|
| Dewey Decimal Classification | MUST Main Library | MUST Main Library | 30/03/2022 | Purchase | 05/24604 | 523.86 EDD 1988 | 2022-0624 | 30/03/2022 | 30/03/2022 | Open Shelf | |||||
| Dewey Decimal Classification | MUST Main Library | MUST Main Library | 30/03/2022 | Purchase | 05/24605 | 523.86 EDD 1988 | 2022-0625 | 30/03/2022 | 30/03/2022 | Open Shelf | |||||
| Dewey Decimal Classification | MUST Main Library | MUST Main Library | 30/03/2022 | Purchase | 04/22870 | 523.86 EDD 1988 | 2022-0626 | 30/03/2022 | 30/03/2022 | Open Shelf | |||||
| Other/Generic Classification Scheme | MUST Main Library | MUST Main Library | 30/03/2022 | Purchase | 04/22869 | 523.86 EDD 1988 | 2022-0627 | 30/03/2022 | 30/03/2022 | Open Shelf |
